000 00635nam a2200205Ii 4500
001 7336
003 CO-ViMGA
008 241108s9999||||xx |||||||||||||| ||und||
040 _aCO-ViMGA
_bspa
_erda
_cCO-ViMGA
041 0 _aunk
082 0 4 _aC868.3-J73c
100 1 _aBlanca Isaza de Jaramillo Meza
_953766
245 1 0 _aCrónicas del ayer
264 1 _a[Lugar de publicación no identificado] : Vyco, [Fecha de publicación no identificada]
300 _avolumen
336 _atext
_btxt
_2rdacontent
337 _aunmediated
_bn
_2rdamedia
338 _avolume
_bnc
_2rdacarrier
940 _aidficha_siabuc: 7165. -- ficha_no_siabuc:7336
999 _c50512
_d50512